ბათუმის შოთა რუსთაველის სახელმწიფო უნივერსიტეტის ბიბლიოთეკა

მართვის ავტომატიზებული სისტემების აგების საფუძვლები. ნაწ. 1 : მასების არქიტექტურა / (ბიბ.ჩანაწერი № 56880)

000 -ლიდერი
ფიქსირებული სიგრძის საკონტროლო ველი 01048nam a22001817a 4500
003 - საკონტროლო ნომრის იდენტიფიკატორი
საკონტროლო ველი Ge_BSU
005 - ბოლო ოპერაციის თარიღი და დრო
საკონტროლო ველი 20190605142331.0
008 - ფიქსირებული სიგრძის მონაცემთა ელემენტები - ზოგადი ინფორმაცია
ფიქსირებული სიგრძის საკონტროლო ველი 190605b1981 ge ||||| |||| 00| 0 geo d
041 ## - ენის კოდი
Language code of text/sound track or separate title geo
080 ## - უნივერსალური ათობითი კლასიფიკაციის ინდექსი
Universal Decimal Classification number 681.51(075.8) ჩ-76
100 ## - მთავარი ჩანაწერი - პიროვნების სახელი
Personal name ჩოგოვაძე, გ
9 (RLIN) 947
245 ## - ცნობა სათაურის შესახებ
Title მართვის ავტომატიზებული სისტემების აგების საფუძვლები. ნაწ. 1 : მასების არქიტექტურა /
Statement of responsibility, etc გ. ჩოგოვაძე.
264 ## - წარმოების, გამოცემის, დისტრიბუციის და სხვა ცნობები
გამოცემის, წარმოების, დისტრიბუციის... ადგილი თბილისი :
გამოცემის, წარმოების, დისტრიბუციის... სახელწოდება თბილ. უნ-ტის გამ-ბა,
გამოცემის, წარმოების, დისტრიბუციის... თარიღი 1981.
300 ## - ფიზიკური აღწერა
Extent 196 გვ. :
Other physical details ილ.
Dimensions 20 სმ.
Accompanying material ლიტ. სია: გვ.150-192ვ ; სახელთა საძიებელი: გვ193-194.
653 ## - INDEX TERM--UNCONTROLLED
Uncontrolled term მართვის ავტომატიზებული სისტემების აგების საფუძვლები
710 ## - ADDED ENTRY--CORPORATE NAME
Relator term თბილ. უნ-ტის გამ-ბა,
9 (RLIN) 2106
942 ## - ADDED ENTRY ELEMENTS (KOHA)
Source of classification or shelving scheme
Koha item type წიგნი
ეგზემპლარები
ჩამოწერის სტატუსი დაკარგული ეგზემპლარის სტატუსი კლასიფიკაციის წყარო ან თაროზე გაწყობის სქემა დაზიანების სტატუსი არ გაიცემა მუდმივი მდებარეობა (დაცვის ადგილი) ამჟამინდელი ადგილსამყოფელი თაროზე განთავსების ადგილი შეძენის თარიღი ღირებულება, შესყიდვის ნორმალური ფასი სრული შენახვის შიფრი შტრიხკოდი ბოლო ოპერაციის თარიღი ეგზემპლარის მიმდევრობითი ნომერი (კეტერი?) ფასის ძალაში შესვლის თარიღი ეგზემპლარის სახეობა საჯარო შენიშვნა
          ტექნოლოგიური ფაკულტეტის ბიბლიოთეკა ტექნოლოგიური ფაკულტეტის ბიბლიოთეკა წიგნსაცავი 2019-06-05 1.00 681.51(075.8) ჩ-76 10442 2019-06-05 10442 2019-06-05 წიგნი 1 ლ.